000 00792nam a2200217 i 4500
001 bg
100 1 _aSOŁKOWSKI, Tadeusz
245 1 0 _aZastosowanie metody charakterystyk do analizy procesów obróbki plastycznej bimetali /
_cTadeusz Sołkowski.
260 _aKraków :
_bPK,
_c1992.
300 _a119, [1] s. :
_bfot., rys., wykr. ;
_c24 cm.
490 1 _aZeszyt Naukowy / Politechnika Krakowska. Mechanika,
_x0372-9486 ;
_vz. 73
500 _aNumeracja ser. gł. : nr 2.
504 _aBibliogr. s. 110-116. - Summ., Zsfassung.
650 9 _aMetale
_xobróbka plastyczna
_xzagadnienia
830 0 _aZeszyt Naukowy (Politechnika Krakowska).
_pMechanika ;
_vz. 73
040 _cBPK
041 0 _apl
_bende
080 _a621.77
942 _cKS
008 s pl f |000 0 pol
999 _c30237
_d30237
856 _uhttp://koha.tu.koszalin.pl/cgi-bin/koha/opac-detail.pl?biblionumber=30237
_yKatalog online BPK